| 000 | 00000nam 2200000zi 4500 |
| 001 | 9.945002 |
| 003 | CaOODSP |
| 005 | 20250107144101 |
| 006 | m o d f |
| 007 | cr mn||||||||| |
| 008 | 241108e20241128onca obs f000 0 eng d |
| 020 | |a9780660744117 |
| 040 | |aCaOODSP|beng|erda|cCaOODSP |
| 043 | |an-cn--- |
| 045 | |ay1y2 |
| 086 | 1 |aCS11-621/174E-PDF |
| 100 | 1 |aMcMaster, Megan, |eauthor. |
| 245 | 10|aWorkforce insights : |bdemographics in the arts, entertainment and recreation sector from 2015 to 2023 / |cby Megan McMaster. |
| 264 | 1|a[Ottawa] : |bStatistics Canada = Statistique Canada, |cNovember 28, 2024. |
| 264 | 4|c©2024. |
| 300 | |a1 online resource (10 pages) : |bcolour illustrations. |
| 336 | |atext|btxt|2rdacontent |
| 337 | |acomputer|bc|2rdamedia |
| 338 | |aonline resource|bcr|2rdacarrier |
| 490 | 1 |aAnalysis in brief, |x1707-0503 |
| 500 | |aIssued also in French under title: Le point sur la main-d'œuvre : portrait démographique du secteur des arts, spectacles et loisirs de 2015 à 2023. |
| 500 | |a"Catalogue no. 11‑621‑M." |
| 504 | |aIncludes bibliographical references. |
| 520 | |a"This paper, the first of a three-study series, explores the demographic differences among employees in the arts, entertainment and recreation sector. This paper will focus on the performing arts, spectator sports and related industries, and the amusement and recreation industries. These industries are heavily influenced by tourism, consumer demand and discretionary spending on leisure. In recent years, inflationary pressures have affected these factors, impacting operational activities and employment in these industries. This paper leverages administrative data to examine the distribution of this sector's workforce by gender, age and full-time work status. Results in this paper are based solely on employees who received a T4 slip by employers and on self-employed individuals, excluding other employment types, such as contract workers"--Page 4. |
| 650 | 0|aPerforming arts|zCanada|xEmployees|vStatistics. |
| 650 | 0|aSports personnel|zCanada|vStatistics. |
| 650 | 0|aAmusements|zCanada|xEmployees|vStatistics. |
| 650 | 0|aRecreation industry|zCanada|xEmployees|vStatistics. |
| 655 | 7|aStatistics|2lcgft |
| 710 | 2 |aStatistics Canada, |eissuing body. |
| 775 | 08|tLe point sur la main-d'œuvre : |w(CaOODSP)9.945004 |
| 830 | #0|aAnalysis in brief (Statistics Canada)|w(CaOODSP)9.504715 |
| 856 | 40|qPDF|s324 KB|uhttps://publications.gc.ca/collections/collection_2024/statcan/11-621-m/11-621-m2024016-eng.pdf |
| 856 | 4 |qHTML|sN/A|uhttps://www150.statcan.gc.ca/n1/pub/11-621-m/11-621-m2024016-eng.htm |
| 986 | |a11‑621‑M |